| 000 | 00738nam a2200229 i 4500 | ||
|---|---|---|---|
| 001 | 124340 | ||
| 003 | ES-MaACL | ||
| 005 | 20250814065422.0 | ||
| 007 | t| | ||
| 008 | 070321q19201929sp ||||1| spa d | ||
| 080 | _a911.2 | ||
| 100 | 1 |
_aGünther, Siegmund. _960964 |
|
| 245 | 1 | 0 |
_aGeografía física / _cpor Siegmund Günther ; traducido de la 4ª edición alemana por Carlos de Salas. |
| 260 |
_aBarcelona : _bLabor, _c[192-?] |
||
| 300 |
_a130 p., XII p. de lám., gráf., mapas : _bil. ; _c17 cm. |
||
| 490 | 1 |
_aColección Labor ; _v22 |
|
| 650 | 1 | 7 |
_aGeografía física _2embne _913078 |
| 700 | 1 |
_aSalas, Carlos de. _9101725 |
|
| 830 | 0 | 0 |
_aColección Labor _v22 _9184254 |
| 852 |
_aES-MaACL _jE-2569 |
||
| 999 |
_c124340 _d124340 |
||